000 00525nam a2200169 4500
001 118879
003 ES-MaACL
005 20230906191211.0
007 t|
008 070214s1969 sp r ||||1| spa d
100 1 _aPeumans, Herman.
_991577
245 1 0 _aAnálisis e interpretación de balances /
_cpor Herman Peumans ; traducción de José Montorio.
260 _aMadrid :
_bIbérico Europea,
_c1969.
300 _a322 p. :
_bil. ;
_c22 cm.
700 1 _aMontorio, José.
_982688
852 _aES-MaACL
_jC-36068
_bR.69604
999 _c118879
_d118879